000 01563cam a22004337a 4500
001 000093635
003 CHAP
005 20220817044021.0
008 050418d2005 mx r 00110 spa d
010 _a90101
011 _a91073
035 _a101631
040 _cCHAP
090 _aTesis
100 0 0 _aBautista Bautista, Enrique
_910892
245 1 0 _aZonificación agroecológica del cultivo de pitahaya (Hylocereus undatus H.) en la Huasteca Hidalguense. /
_c/por Enrique Bautista Bautista.
260 _aChapingo, Méx. :
_bEl autor,
_c2005.
300 _a51 h. :
_bcuadros, mapas.
502 _aTesis (Ing. Agr. Esp. en Zonas Tropicales) -- UACH. Dirección de Centros Regionales
590 _aALEPH
_b10
_c20130110
_lUCH01
_h1505
590 _aBATCH-UPD
_b10
_c20130109
_lUCH01
_h2325
590 _aBATCH-UPD
_b10
_c20130110
_lUCH01
_h0344
590 _aBATCH-UPD
_b10
_c20140324
_lUCH01
_h1450
590 _aBATCH-UPD
_b10
_c20141002
_lUCH01
_h0826
590 _aBATCH
_b00
_c20181121
_lUCH01
_h0758
590 _aCONVERSION
_b10
_c20130109
_lUCH01
_h1350
590 _aE5765TAJ
_b10
_c20130618
_lUCH01
_h0856
650 1 4 _aCultivos
_xZonas de
_xHidalgo.
650 1 4 _aFruticultura
_zHidalgo.
_943761
650 1 4 _aHylocereus undatus.
_957088
856 _3Finding aid
_uhttp://10.13.5.2/tesis/101631.pdf
_zTeclea aquí
856 _a1
_n0000826
901 _aBK
905 _aElisama A. H.
942 _cCD
942 _n0
949 _aTesis
_bBC
_cTES
_d10631
_eTS1
_h43654
_i101631
_sb
949 _aTesis
_bBC
_cTES
_d33724000928750
_eTS2
_fc.2
_h43655
_i101631
_si
999 _c90101
_d90101